Understanding law

This introduction to the law in general provides a better understanding of this academic discipline and aims to develop a critical view of the institutions, processes and materials which comprise the English legal system

Na minha lista:
Detalhes bibliográficos
Autor principal: Adams, John N.
Outros Autores: Brownsword, Roger
Formato: Livro
Publicado em: London: Sweet & Maxwell, c2006.
Edição:4th ed.
Colecção:Understanding law series
Assuntos:
Tags: Adicionar Tag
Sem tags, seja o primeiro a adicionar uma tag!

MARC

LEADER 00000nam a2200000 4500
005 20251004074941.0
020 |a 9780421960602  |c TZS 42,750/= 
040 |a MCCL  |b eng.  |e AACR 2nd rev. ed. 
082 |a 340 ADA 
100 |a Adams, John N. 
245 |a Understanding law  |c / John N. Adams, and Roger Brownsword 
250 |a 4th ed. 
260 |a London:  |b Sweet & Maxwell,   |c c2006. 
300 |a  xiv, 335 p. :   |b  ill. ;   |c 22 cm. 
440 |a Understanding law series  
520 |a This introduction to the law in general provides a better understanding of this academic discipline and aims to develop a critical view of the institutions, processes and materials which comprise the English legal system 
650 |a Law   |z England  |z Wales 
700 |d Brownsword, Roger 
942 |c BK 
999 |c 11779  |d 11779